Modificacions de crèdit : incorporació de romanents : manual de formació centres gestors : Sistema Integrat de Gestió Corporativa (SIGC) incorporació de romanents :
Publicado:
Barcelona :
Diputació de Barcelona. Àrea de Coordinació i Govern Local. Intervenció General. Direcció de Serveis Econòmics ,
2008
Descripción Física:
16 p. : il. col. ; 30 cm
MARC
| LEADER | 00000nam a2200000Ia 4500 | ||
|---|---|---|---|
| 001 | 21042 | ||
| 008 | 160829s2008 xx 000 0 cat d | ||
| 080 | |a FU-25-22 | ||
| 245 | |a Modificacions de crèdit : |b incorporació de romanents : |b manual de formació centres gestors : |b Sistema Integrat de Gestió Corporativa (SIGC) | ||
| 260 | |a Barcelona : |b Diputació de Barcelona. Àrea de Coordinació i Govern Local. Intervenció General. Direcció de Serveis Econòmics, |c 2008 | ||
| 300 | |a 16 p. : |b il. col. ; |c 30 cm | ||
| 650 | |a Programari |x Comptabilitat |x Manuals, guies, etc. |9 43144 | ||
| 650 | |a Crèdit |x Gestió |x Manuals, guies, etc. |9 44772 | ||
| 710 | 1 | |a Barcelona (Catalunya : Província). |b Direcció de Serveis Econòmics |9 54132 | |
| 901 | |a Arxiu | ||
| 942 | |n 1 | ||
| 952 | |0 0 |1 0 |4 0 |6 FU2522 |7 1 |9 52163 |a Arxiu |b Arxiu |d 2016-12-01 |l 0 |o FU-25-22 |p 21042 |r 2016-12-01 00:00:00 |w 2016-12-01 |y ARXIU | ||
| 999 | |c 56011 |d 56011 | ||